[Event "COL-ch U18 Girls"]
[Site "Bogota"]
[Date "2015.05.18"]
[Round "7"]
[White "Salcedo, Jackeline"]
[Black "Pulido Ardila, Lilian Vanessa"]
[Result "1-0"]
[WhiteElo "2040"]
[BlackElo "1748"]
[PlyCount "90"]
[EventDate "2015.05.13"]
[EventType "tourn"]
[EventRounds "7"]
[EventCountry "COL"]
[SourceTitle "CBM 166 Extra"]
[Source "ChessBase"]
[SourceDate "2015.06.18"]
[SourceVersion "1"]
[SourceVersionDate "2015.06.18"]
[SourceQuality "1"]

1. c4 e6 2. Nc3 d5 3. d4 c6 4. cxd5 cxd5 5. Nf3 Nc6 6. a3 Nf6 7. Bg5 Be7 8. e3 a6 9. Bd3 h6 10. Bh4 0-0 11. 0-0 Bd7 12. Rc1 Rc8 13. Bb1 Nh7 14. Qd3 g6 15. Bg3 Be8 16. Bf4 Kg7 17. Rfd1 Ng5 18. Nxg5 Bxg5 19. Bg3 Bh4 20. Bxh4 Qxh4 21. Ne2 Bd7 22. b3 Kh8 23. b4 Rcd8 24. Qd2 Qf6 25. Nf4 Qg7 26. Nd3 f6 27. Nc5 Rfe8 28. Nxb7 Ra8 29. Nc5 e5 30. dxe5 fxe5 31. Nxd7 Qxd7 32. Qxd5 Qxd5 33. Rxd5 Re6 34. Rcd1 Rf6 35. h3 Raf8 36. Kf1 Ne7 37. Rd6 Nf5 38. Bxf5 gxf5 39. R1d5 Kg7 40. f3 e4 41. fxe4 fxe4+ 42. Ke2 Kg6 43. Rxf6+ Rxf6 44. Re5 Rf5 45. Rxf5 Kxf5 1-0

[Event "COL-ch U18 Girls"]
[Site "Bogota"]
[Date "2015.05.17"]
[Round "6"]
[White "Pulido Ardila, Lilian Vanessa"]
[Black "Rozo, Claudia Magally"]
[Result "1-0"]
[WhiteElo "1748"]
[BlackElo "1720"]
[PlyCount "69"]
[EventDate "2015.05.13"]
[EventType "tourn"]
[EventRounds "7"]
[EventCountry "COL"]
[SourceTitle "CBM 166 Extra"]
[Source "ChessBase"]
[SourceDate "2015.06.18"]
[SourceVersion "1"]
[SourceVersionDate "2015.06.18"]
[SourceQuality "1"]

1. e4 c5 2. Nf3 d6 3. c3 Nf6 4. h3 Nc6 5. Bd3 e6 6. Bc2 d5 7. e5 Nd7 8. d4 Qb6 9. 0-0 Be7 10. b3 cxd4 11. cxd4 Nb4 12. Bb2 Nxc2 13. Qxc2 Nb8 14. Qxc8+ Bd8 15. Qc2 0-0 16. Nc3 Nc6 17. Na4 Qc7 18. Ba3 Re8 19. Rac1 Be7 20. Bxe7 Qxe7 21. Nc5 Rac8 22. Qd2 Rc7 23. Rfd1 Rec8 24. Nd3 a5 25. Rf1 h6 26. Rc2 Kh7 27. Rfc1 g5 28. Qe3 Rg8 29. Nh2 h5 30. g4 hxg4 31. Nxg4 Rh8 32. Nf6+ Kg6 33. f4 Rh4 34. Rg2 Qa3 35. f5+ 1-0

[Event "COL-ch U18 Girls"]
[Site "Bogota"]
[Date "2015.05.16"]
[Round "5"]
[White "Cespedes Galindo, Estefania"]
[Black "Pulido Ardila, Lilian Vanessa"]
[Result "1/2-1/2"]
[WhiteElo "1780"]
[BlackElo "1748"]
[PlyCount "66"]
[EventDate "2015.05.13"]
[EventType "tourn"]
[EventRounds "7"]
[EventCountry "COL"]
[SourceTitle "CBM 166 Extra"]
[Source "ChessBase"]
[SourceDate "2015.06.18"]
[SourceVersion "1"]
[SourceVersionDate "2015.06.18"]
[SourceQuality "1"]

1. d4 Nf6 2. Bg5 e6 3. Nd2 d5 4. Ngf3 Nbd7 5. e3 Be7 6. Bd3 b6 7. 0-0 h6 8. Bh4 0-0 9. Ne5 Nxe5 10. dxe5 Nd7 11. Bxe7 Qxe7 12. f4 f6 13. exf6 Qxf6 14. c3 Nc5 15. Bc2 Ba6 16. Rf3 Rad8 17. Nb3 Nxb3 18. axb3 Bc8 19. Rxa7 e5 20. fxe5 Qxe5 21. Rxf8+ Rxf8 22. Qd4 Qg5 23. Ra8 c6 24. Qxb6 Qf6 25. h3 Qf2+ 26. Kh2 Qxc2 27. Qxc6 Qf5 28. Qc7 Qe6 29. Ra7 Qf6 30. b4 Bxh3 31. Kxh3 Qf5+ 32. Kh2 Qh5+ 33. Kg1 Qd1+ 1/2-1/2

[Event "COL-ch U18 Girls"]
[Site "Bogota"]
[Date "2015.05.14"]
[Round "2"]
[White "Dominguez, Laura Lucia"]
[Black "Pulido Ardila, Lilian Vanessa"]
[Result "1-0"]
[WhiteElo "2004"]
[BlackElo "1748"]
[PlyCount "31"]
[EventDate "2015.05.13"]
[EventType "tourn"]
[EventRounds "7"]
[EventCountry "COL"]
[SourceTitle "CBM 166 Extra"]
[Source "ChessBase"]
[SourceDate "2015.06.18"]
[SourceVersion "1"]
[SourceVersionDate "2015.06.18"]
[SourceQuality "1"]

1. e4 e5 2. Nf3 Nc6 3. Bb5 a6 4. Ba4 Nf6 5. 0-0 Be7 6. Re1 b5 7. Bb3 d6 8. c3 Na5 9. Bc2 c5 10. d4 cxd4 11. cxd4 Bg4 12. Nbd2 Nc6 13. h3 Bh5 14. g4 Bg6 15. d5 Nb4 16. Bb1 1-0

[Event "Mosquera op (Women)"]
[Site "Mosquera"]
[Date "2014.11.03"]
[Round "8"]
[White "Cespedes Galindo, Estefania"]
[Black "Pulido Ardila, Lilian Vanessa"]
[Result "1/2-1/2"]
[WhiteElo "1809"]
[BlackElo "1715"]
[PlyCount "49"]
[EventDate "2014.10.30"]
[EventType "swiss"]
[EventRounds "9"]
[EventCountry "COL"]
[SourceTitle "EXT 2015"]
[Source "ChessBase"]
[SourceDate "2014.11.20"]
[SourceVersion "1"]
[SourceVersionDate "2014.11.20"]
[SourceQuality "1"]

1. d4 Nf6 2. c4 g6 3. Nc3 d5 4. e3 Bg7 5. Bd3 0-0 6. Nf3 c6 7. 0-0 Nbd7 8. b3 b6 9. cxd5 cxd5 10. Bb2 Bb7 11. Rc1 Rc8 12. Qe2 Nb8 13. Rc2 Qd6 14. Rfc1 a6 15. Na4 Rxc2 16. Rxc2 Rc8 17. Ne5 Rxc2 18. Qxc2 Nfd7 19. Qc1 b5 20. Nxd7 Nxd7 21. Nc5 Nxc5 22. dxc5 Qc6 23. Bxg7 Kxg7 24. Qc3+ f6 25. Bf1 1/2-1/2

[Event "Mosquera op (Women)"]
[Site "Mosquera"]
[Date "2014.11.03"]
[Round "9"]
[White "Pulido Ardila, Lilian Vanessa"]
[Black "Fiesco, Valentina"]
[Result "1/2-1/2"]
[WhiteElo "1715"]
[BlackElo "1867"]
[PlyCount "38"]
[EventDate "2014.10.30"]
[EventType "swiss"]
[EventRounds "9"]
[EventCountry "COL"]
[SourceTitle "EXT 2015"]
[Source "ChessBase"]
[SourceDate "2014.11.20"]
[SourceVersion "1"]
[SourceVersionDate "2014.11.20"]
[SourceQuality "1"]

1. e4 c6 2. d4 d5 3. e5 Bf5 4. Nf3 e6 5. Bd3 Bxd3 6. Qxd3 Ne7 7. 0-0 Ng6 8. Nc3 Be7 9. Be3 0-0 10. Qd2 Nd7 11. Bg5 Bxg5 12. Qxg5 Qxg5 13. Nxg5 c5 14. dxc5 Nxc5 15. f4 h6 16. Nh3 Ne7 17. Nf2 f6 18. exf6 Rxf6 19. g3 Nc6 1/2-1/2

[Event "Mosquera op (Women)"]
[Site "Mosquera"]
[Date "2014.11.01"]
[Round "4"]
[White "Pulido Ardila, Lilian Vanessa"]
[Black "Gomez Guardo, Laura Melissa"]
[Result "1/2-1/2"]
[WhiteElo "1715"]
[BlackElo "1804"]
[PlyCount "48"]
[EventDate "2014.10.30"]
[EventType "swiss"]
[EventRounds "9"]
[EventCountry "COL"]
[SourceTitle "EXT 2015"]
[Source "ChessBase"]
[SourceDate "2014.11.20"]
[SourceVersion "1"]
[SourceVersionDate "2014.11.20"]
[SourceQuality "1"]

1. e4 c5 2. c3 Nf6 3. Bd3 Nc6 4. Bc2 d5 5. exd5 Nxd5 6. d3 g6 7. Nf3 Bg7 8. h3 0-0 9. 0-0 b6 10. Re1 Bb7 11. Nbd2 Qc7 12. Ne4 Rad8 13. Bd2 Nf4 14. Bxf4 Qxf4 15. Qe2 Ba6 16. Rad1 Qc7 17. Kh1 Ne5 18. Nxe5 Qxe5 19. Ng3 Qxe2 20. Rxe2 e6 21. Ne4 Rd7 22. Re3 Rfd8 23. Kg1 Kf8 24. Kf1 Bb7 1/2-1/2

[Event "Mosquera op (Women)"]
[Site "Mosquera"]
[Date "2014.10.30"]
[Round "1"]
[White "Pachon Gutierrez, Adriana Paola"]
[Black "Pulido Ardila, Lilian Vanessa"]
[Result "1/2-1/2"]
[WhiteElo "2065"]
[BlackElo "1715"]
[PlyCount "105"]
[EventDate "2014.10.30"]
[EventType "swiss"]
[EventRounds "9"]
[EventCountry "COL"]
[SourceTitle "EXT 2015"]
[Source "ChessBase"]
[SourceDate "2014.11.20"]
[SourceVersion "1"]
[SourceVersionDate "2014.11.20"]
[SourceQuality "1"]

1. e3 e5 2. c4 d6 3. Nc3 Nf6 4. Bd3 Nc6 5. Nge2 Be7 6. a3 Be6 7. Ng3 Qd7 8. b4 a6 9. Bb2 0-0 10. 0-0 d5 11. cxd5 Nxd5 12. Qc2 h6 13. Nxd5 Bxd5 14. Nf5 Bf6 15. f4 Rad8 16. Be4 Bxe4 17. Qxe4 Qxd2 18. Bxe5 Bxe5 19. fxe5 h5 20. e6 fxe6 21. Qxe6+ Kh7 22. Rf3 Rde8 23. Qb3 Ne5 24. Rf2 Qd3 25. Qd1 Qxd1+ 26. Rxd1 g6 27. Nd4 Rxf2 28. Kxf2 Ng4+ 29. Kg1 Rxe3 30. h3 Nf6 31. a4 Re4 32. Kf2 Kg7 33. Kf3 c6 34. Rd2 Kf7 35. Rd1 Re5 36. Rc1 Rd5 37. Ke3 Ke7 38. Kd3 Nd7 39. Re1+ Ne5+ 40. Kc3 Kd6 41. Rf1 c5 42. bxc5+ Rxc5+ 43. Kb3 Kd5 44. Rd1 Ke4 45. Ne6 Rc6 46. Re1+ Kd5 47. Nf4+ Kd6 48. Rd1+ Ke7 49. Rd5 Kf6 50. Rd4 Rb6+ 51. Kc3 Rc6+ 52. Kb3 Rb6+ 53. Kc3 1/2-1/2

[Event "Bogota IRT Categoria B U17 Girls"]
[Site "Bogota"]
[Date "2013.10.23"]
[Round "4.5"]
[White "Sandoval Fuquen, Janneth Katherin"]
[Black "Pulido Ardila, Lilian Vanessa"]
[Result "0-1"]
[WhiteElo "1526"]
[BlackElo "1708"]
[PlyCount "74"]
[EventDate "2013.10.22"]
[EventType "swiss"]
[EventRounds "5"]
[EventCountry "COL"]
[SourceTitle "EXT 2024"]
[Source "ChessBase"]
[SourceDate "2023.10.10"]
[SourceVersion "1"]
[SourceVersionDate "2023.10.10"]
[SourceQuality "1"]

1. d4 d5 2. Nf3 e6 3. e3 c6 4. b3 Nd7 5. Bb2 Ngf6 6. Bd3 Be7 7. 0-0 0-0 8. Nbd2 c5 9. c4 b6 10. Ne5 Bb7 11. f4 Qc7 12. Qe2 cxd4 13. exd4 dxc4 14. bxc4 Nxe5 15. fxe5 Nd7 16. Ne4 f6 17. exf6 Bxf6 18. Nxf6+ Nxf6 19. Qxe6+ Rf7 20. d5 Re8 21. Qh3 Bc8 22. Qh4 Ree7 23. Bc2 Qd6 24. Bxf6 gxf6 25. Rae1 Qc5+ 26. Kh1 Rg7 27. Rxe7 Qxe7 28. Qxf6 Qe8 29. Bf5 Rf7 30. Qg5+ Rg7 31. Qc1 Qe2 32. Bh3 Bxh3 33. Rf8+ Kxf8 34. Qf4+ Rf7 35. Qb8+ Qe8 36. Qd6+ Kg8 37. Qg3+ Rg7 0-1

[Event "Bogota IRT Categoria B U17 Girls"]
[Site "Bogota"]
[Date "2013.10.22"]
[Round "2.2"]
[White "Romero, Daniela"]
[Black "Pulido Ardila, Lilian Vanessa"]
[Result "1-0"]
[WhiteElo "1938"]
[BlackElo "1708"]
[PlyCount "117"]
[EventDate "2013.10.22"]
[EventType "swiss"]
[EventRounds "5"]
[EventCountry "COL"]
[SourceTitle "EXT 2024"]
[Source "ChessBase"]
[SourceDate "2023.10.10"]
[SourceVersion "1"]
[SourceVersionDate "2023.10.10"]
[SourceQuality "1"]

1. e4 e5 2. Nf3 Nc6 3. Bb5 a6 4. Ba4 Nf6 5. 0-0 b5 6. Bb3 Be7 7. Re1 0-0 8. c3 d6 9. d3 Na5 10. Bc2 c5 11. Nbd2 Re8 12. Nf1 Bb7 13. Ng3 h6 14. d4 exd4 15. cxd4 Qc7 16. d5 Bc8 17. Bf4 Bf8 18. Rc1 Nc4 19. b3 Ne5 20. Bxe5 dxe5 21. Bb1 Bd6 22. Qd2 Bd7 23. Nh4 Rac8 24. Nhf5 Bxf5 25. Nxf5 Qd7 26. Re3 Kh7 27. Rh3 Bf8 28. Rcc3 Ng8 29. f4 g6 30. Ng3 c4 31. Rf3 cxb3 32. axb3 Rc6 33. Rd3 Rf6 34. f5 Bg7 35. Rc3 Rc8 36. Qc1 Rxc3 37. Qxc3 Rd6 38. Bd3 Rb6 39. fxg6+ fxg6 40. Ne2 Rf6 41. Bb1 h5 42. Rf3 Rxf3 43. Qxf3 Qd6 44. Qc3 Nf6 45. Qc6 Qb4 46. Qc3 Qd6 47. h3 Qb6+ 48. Kh2 Qf2 49. Qf3 Qc5 50. g3 b4 51. Kg2 a5 52. Qd3 Qd6 53. Ng1 Nd7 54. Qb5 Qc7 55. Qc6 Qd8 56. Nf3 Nb8 57. Qc4 Nd7 58. h4 Nb8 59. Ng5+ 1-0

[Event "Cartagena Fonducar Juniors Cup 5th"]
[Site "Cartagena"]
[Date "2013.08.17"]
[Round "4.10"]
[White "Pulido Ardila, Lilian Vanessa"]
[Black "Gomez Guardo, Cristian"]
[Result "1/2-1/2"]
[WhiteElo "1708"]
[BlackElo "1781"]
[PlyCount "33"]
[EventDate "2013.08.16"]
[EventType "swiss"]
[EventRounds "7"]
[EventCountry "COL"]
[SourceTitle "EXT 2024"]
[Source "ChessBase"]
[SourceDate "2023.10.10"]
[SourceVersion "1"]
[SourceVersionDate "2023.10.10"]
[SourceQuality "1"]

1. e4 c5 2. Nf3 d6 3. c3 g6 4. Bd3 Bg7 5. Bc2 Nc6 6. d4 cxd4 7. cxd4 Bg4 8. Be3 Bxf3 9. gxf3 a6 10. a3 b5 11. Nc3 Na5 12. Bd3 Rc8 13. Rc1 Nc4 14. Bxc4 Rxc4 15. Nd5 Qc8 16. Rxc4 Qxc4 17. Qe2 1/2-1/2

[Event "COL-ch (Women)"]
[Site "Ibague"]
[Date "2013.07.05"]
[Round "7"]
[White "Pulido Ardila, Lilian Vanessa"]
[Black "Perez Valcarcel, Maria Jose"]
[Result "1-0"]
[WhiteElo "1702"]
[BlackElo "1319"]
[PlyCount "23"]
[EventDate "2013.07.01"]
[EventType "swiss"]
[EventRounds "9"]
[EventCountry "COL"]
[SourceTitle "EXT 2014"]
[Source "ChessBase"]
[SourceDate "2013.11.20"]
[SourceVersion "1"]
[SourceVersionDate "2013.11.20"]
[SourceQuality "1"]

1. e4 c5 2. Nf3 d6 3. c3 Nf6 4. h3 Nc6 5. Bd3 e6 6. Bc2 Be7 7. d4 0-0 8. a3 b6 9. Qd3 Bd7 10. e5 dxe5 11. dxe5 Nd5 12. Qxh7# 1-0

[Event "COL-ch (Women)"]
[Site "Ibague"]
[Date "2013.07.04"]
[Round "6"]
[White "Cespedes Galindo, Estefania"]
[Black "Pulido Ardila, Lilian Vanessa"]
[Result "0-1"]
[WhiteElo "1782"]
[BlackElo "1702"]
[PlyCount "48"]
[EventDate "2013.07.01"]
[EventType "swiss"]
[EventRounds "9"]
[EventCountry "COL"]
[SourceTitle "EXT 2014"]
[Source "ChessBase"]
[SourceDate "2013.11.20"]
[SourceVersion "1"]
[SourceVersionDate "2013.11.20"]
[SourceQuality "1"]

1. d4 d5 2. Nf3 Nf6 3. e3 e6 4. Nbd2 b6 5. Bd3 Bb7 6. 0-0 Be7 7. b3 Nbd7 8. Bb2 c5 9. c4 cxd4 10. Nxd4 Nc5 11. Be2 0-0 12. Rc1 Rc8 13. N2f3 h6 14. Ne5 Bd6 15. Nb5 Bb8 16. Nd3 Nxd3 17. Bxd3 a6 18. Nd4 Qd6 19. Nf3 d4 20. g3 e5 21. Be2 Qc6 22. exd4 exd4 23. h3 Rcd8 24. Qd3 Nd7 0-1

[Event "COL-ch (Women)"]
[Site "Ibague"]
[Date "2013.07.03"]
[Round "4"]
[White "Ocampo Garcia, Derly Gineth"]
[Black "Pulido Ardila, Lilian Vanessa"]
[Result "1-0"]
[WhiteElo "1862"]
[BlackElo "1702"]
[PlyCount "65"]
[EventDate "2013.07.01"]
[EventType "swiss"]
[EventRounds "9"]
[EventCountry "COL"]
[SourceTitle "EXT 2014"]
[Source "ChessBase"]
[SourceDate "2013.11.20"]
[SourceVersion "1"]
[SourceVersionDate "2013.11.20"]
[SourceQuality "1"]

1. e4 e5 2. Nf3 Nc6 3. Bc4 Bc5 4. c3 Nf6 5. d4 exd4 6. cxd4 Bb4+ 7. Bd2 Bxd2+ 8. Nbxd2 d5 9. exd5 Nxd5 10. 0-0 0-0 11. h3 Nb6 12. Rc1 Nxd4 13. Bb3 Nxb3 14. Nxb3 c6 15. Qxd8 Rxd8 16. Nc5 Nd5 17. Rfd1 b6 18. Ne5 Re8 19. Ncd3 c5 20. Nf3 Bb7 21. Kf1 Ba6 22. Kg1 Re2 23. Nxc5 bxc5 24. Rxd5 Rxb2 25. Rdxc5 Rxa2 26. Rc7 Re2 27. Ra1 Re6 28. Nd4 Rb6 29. Nc6 Rb7 30. Ne7+ Kf8 31. Nd5 Rb5 32. Rd7 Bc8 33. Rd8# 1-0

[Event "La Candelaria Cup"]
[Site "Complejo de Raquetas"]
[Date "2013.02.03"]
[Round "7"]
[White "Torres Clavijo, Jose Manuel"]
[Black "Pulido Ardila, Lilian Vanessa"]
[Result "0-1"]
[WhiteElo "1555"]
[BlackElo "1702"]
[PlyCount "52"]
[EventDate "2013.01.30"]
[EventType "swiss"]
[EventRounds "7"]
[EventCountry "COL"]
[SourceTitle "CBM 152 Extra"]
[Source "ChessBase"]
[SourceDate "2013.02.25"]
[SourceVersion "1"]
[SourceVersionDate "2013.02.25"]
[SourceQuality "1"]

1. e4 e5 2. Nf3 Nc6 3. c3 Nf6 4. Qc2 Bc5 5. Bb5 d6 6. d4 exd4 7. cxd4 Bb4+ 8. Nc3 Bd7 9. a3 Ba5 10. Bg5 h6 11. Bh4 Qe7 12. 0-0-0 g5 13. Nxg5 hxg5 14. Bxg5 Bxc3 15. bxc3 0-0-0 16. f3 Rdg8 17. h4 Kb8 18. Rhe1 Nxd4 19. Rxd4 Bxb5 20. Qb2 Bc6 21. Rc4 Kc8 22. Kc2 Qe6 23. Rb4 b6 24. c4 a5 25. Rb3 Ba4 26. Bxf6 Rxg2+ 0-1

[Event "La Candelaria Cup"]
[Site "Complejo de Raquetas"]
[Date "2013.02.01"]
[Round "3"]
[White "Pulido Ardila, Lilian Vanessa"]
[Black "Maldonado Barrera, Obeida Ros"]
[Result "1-0"]
[WhiteElo "1702"]
[BlackElo "1533"]
[PlyCount "93"]
[EventDate "2013.01.30"]
[EventType "swiss"]
[EventRounds "7"]
[EventCountry "COL"]
[SourceTitle "CBM 152 Extra"]
[Source "ChessBase"]
[SourceDate "2013.02.25"]
[SourceVersion "1"]
[SourceVersionDate "2013.02.25"]
[SourceQuality "1"]

1. e4 e6 2. d4 d5 3. exd5 exd5 4. Bd3 Bd6 5. Nc3 c6 6. Nge2 Ne7 7. 0-0 0-0 8. Bf4 Be6 9. Qd2 g6 10. Bh6 Re8 11. Ng3 Qd7 12. Qg5 Nf5 13. Bxf5 Bxf5 14. Qf6 Bf8 15. Bxf8 Kxf8 16. Qh8+ Ke7 17. Rfe1+ Kd8 18. Qf6+ Kc8 19. Rxe8+ Qxe8 20. Nxf5 gxf5 21. Qxf5+ Qe6 22. Qxh7 b6 23. h4 Nd7 24. Kf1 Kb7 25. Re1 Qf6 26. g3 Kc7 27. Qd3 Qd6 28. a3 Nf6 29. Qf5 Re8 30. Rxe8 Nxe8 31. Qxf7+ Kd8 32. Qxa7 b5 33. Qb6+ Kc8 34. Qa7 Qg6 35. Qe7 Nc7 36. Qe2 Ne6 37. h5 Qf6 38. Qg4 Kc7 39. Ne2 c5 40. dxc5 Nxc5 41. Qf4+ Qxf4 42. Nxf4 d4 43. h6 Kb6 44. h7 Ka5 45. h8Q Ka4 46. Qa8+ Na6 47. Qxa6# 1-0

[Event "COL-ch Superate-B (Women)"]
[Site "Bogota"]
[Date "2012.12.12"]
[Round "3.1"]
[White "Pulido Ardila, Lilian Vanessa"]
[Black "Joly, Maria Camila"]
[Result "1-0"]
[WhiteElo "1717"]
[BlackElo "1639"]
[PlyCount "49"]
[EventDate "2012.12.11"]
[EventType "swiss"]
[EventRounds "7"]
[EventCountry "COL"]
[SourceTitle "EXT 2024"]
[Source "ChessBase"]
[SourceDate "2023.10.10"]
[SourceVersion "1"]
[SourceVersionDate "2023.10.10"]
[SourceQuality "1"]

1. e4 e6 2. d4 d5 3. exd5 exd5 4. Bd3 Nf6 5. Bg5 c5 6. Qe2+ Be6 7. dxc5 Bxc5 8. Bb5+ Nc6 9. Nf3 a6 10. Ba4 Qa5+ 11. Nc3 d4 12. Bxf6 gxf6 13. Qe4 dxc3 14. Bxc6+ Kf8 15. b4 Bxb4 16. Bxb7 Re8 17. 0-0 Rg8 18. Qxh7 Qc7 19. Qe4 Bd6 20. Qc6 Bh3 21. Qxc7 Bxg2 22. Qxd6+ Re7 23. Ng5 Bxb7 24. Qd8+ Re8 25. Qxf6 1-0

[Event "COL-ch Superate-B (Women)"]
[Site "Bogota"]
[Date "2012.12.11"]
[Round "2.1"]
[White "Ortega Barros, Lizeth Carolina"]
[Black "Pulido Ardila, Lilian Vanessa"]
[Result "0-1"]
[WhiteElo "1506"]
[BlackElo "1717"]
[PlyCount "54"]
[EventDate "2012.12.11"]
[EventType "swiss"]
[EventRounds "7"]
[EventCountry "COL"]
[SourceTitle "EXT 2024"]
[Source "ChessBase"]
[SourceDate "2023.10.10"]
[SourceVersion "1"]
[SourceVersionDate "2023.10.10"]
[SourceQuality "1"]

1. e4 e5 2. Nf3 Nc6 3. Nc3 Nf6 4. d4 exd4 5. Nxd4 Bc5 6. Be3 Nxd4 7. Bxd4 Bb4 8. Bd3 c5 9. Bxc5 Bxc5 10. Qe2 0-0 11. 0-0-0 d6 12. f3 Bd7 13. h3 Re8 14. g4 d5 15. g5 Nh5 16. Rdg1 Bxg1 17. Rxg1 Nf4 18. Qe3 Nxd3+ 19. Qxd3 dxe4 20. fxe4 Qb6 21. Rf1 Rad8 22. Nd5 Bb5 23. Nf6+ gxf6 24. gxf6 Bxd3 25. cxd3 Qe3+ 26. Kb1 Qxd3+ 27. Kc1 Rc8# 0-1

[Event "Cartagena IRT op 4th"]
[Site "Cartagena"]
[Date "2012.06.15"]
[Round "2"]
[White "Agudelo, Carlos Hernan"]
[Black "Pulido Ardila, Lilian Vanessa"]
[Result "1-0"]
[WhiteElo "2047"]
[BlackElo "1722"]
[PlyCount "47"]
[EventDate "2012.06.14"]
[EventType "swiss"]
[EventRounds "9"]
[EventCountry "COL"]
[SourceTitle "CBM 148 Extra"]
[Source "ChessBase"]
[SourceDate "2012.06.22"]
[SourceVersion "1"]
[SourceVersionDate "2012.06.22"]
[SourceQuality "1"]

1. b3 e5 2. Bb2 Nc6 3. g3 d5 4. Bg2 Nf6 5. e3 Bg4 6. f3 Bh5 7. Ne2 Bc5 8. d4 exd4 9. exd4 Bb6 10. 0-0 0-0 11. Nf4 Re8 12. Nxh5 Nxh5 13. c3 Qe7 14. Nd2 Ne5 15. Qc2 Qf6 16. Rae1 c6 17. Re2 Re6 18. Bh3 Ree8 19. Rfe1 Qg5 20. Qf5 Qxf5 21. Bxf5 Nf6 22. Rxe5 Rxe5 23. Rxe5 Kf8 24. Ba3+ 1-0

[Event "Cartagena Region-ch (Women)"]
[Site "Cartagena"]
[Date "2012.01.18"]
[Round "2"]
[White "Pulido Ardila, Lilian Vanessa"]
[Black "Gomez Guardo, Laura Melissa"]
[Result "1/2-1/2"]
[WhiteElo "1740"]
[BlackElo "1852"]
[PlyCount "151"]
[EventDate "2012.01.17"]
[EventType "tourn"]
[EventRounds "7"]
[EventCountry "COL"]
[SourceTitle "EXT 2013"]
[Source "ChessBase"]
[SourceDate "2012.11.22"]
[SourceVersion "1"]
[SourceVersionDate "2012.11.22"]
[SourceQuality "1"]

1. e4 c5 2. Nf3 d6 3. c3 Nf6 4. h3 a6 5. Bd3 e5 6. Bc2 Nc6 7. d3 h6 8. 0-0 Be7 9. d4 cxd4 10. cxd4 0-0 11. a3 exd4 12. Nxd4 Ne5 13. Nc3 d5 14. f4 Ng6 15. e5 Ne4 16. Nxe4 dxe4 17. Kh1 Bc5 18. Nb3 Qxd1 19. Rxd1 Ba7 20. Bxe4 Ne7 21. Nd4 Rd8 22. Be3 Rb8 23. Nc2 Rxd1+ 24. Rxd1 Bxe3 25. Nxe3 Be6 26. f5 Bb3 27. f6 Bxd1 28. fxe7 Ba4 29. Nf5 Re8 30. Bxb7 g6 31. Nxh6+ Kg7 32. Ng4 Bb5 33. a4 Rxe7 34. axb5 Rxb7 35. bxa6 Rxb2 36. Kg1 Ra2 37. a7 Rxa7 38. Kf2 Ra2+ 39. Kf3 Ra4 40. h4 Ra8 41. Kf4 Rh8 42. g3 Rh5 43. Nf6 Rf5+ 44. Ke4 Rf1 45. Ng4 Ra1 46. Ke3 Ra4 47. Kf3 Kf8 48. Nf6 Ke7 49. Ne4 Rb4 50. Ke3 Ke6 51. Nc5+ Kd5 52. Nd7 Ke6 53. Nc5+ Kf5 54. Kf3 Rc4 55. Nd3 Rc3 56. g4+ Ke6 57. Ke4 Rc4+ 58. Kf3 Kd5 59. Nf4+ Kxe5 60. Nd3+ Kd4 61. Nf2 Rc1 62. Ke2 Rc2+ 63. Kf3 Ke5 64. Nd3+ Kf6 65. Kf4 Rc4+ 66. Kf3 Kg7 67. Ne5 Rc3+ 68. Kf4 Rh3 69. Nf3 f6 70. Ke3 Kh6 71. Kf4 Rxh4 72. Nxh4 g5+ 73. Kg3 gxh4+ 74. Kxh4 Kg6 75. Kh3 Kg5 76. Kg3 1/2-1/2

[Event "Cartagena Iderbol Cup"]
[Site "Cartagena"]
[Date "2011.12.27"]
[Round "3.16"]
[White "Ibarra Sarabia, Giancarlo"]
[Black "Pulido Ardila, Lilian Vanessa"]
[Result "1-0"]
[WhiteElo "1602"]
[BlackElo "1727"]
[PlyCount "73"]
[EventDate "2011.12.26"]
[EventType "swiss"]
[EventRounds "7"]
[EventCountry "COL"]
[SourceTitle "EXT 2024"]
[Source "ChessBase"]
[SourceDate "2023.10.10"]
[SourceVersion "1"]
[SourceVersionDate "2023.10.10"]
[SourceQuality "1"]

1. d4 Nf6 2. Nf3 g6 3. Bf4 Bg7 4. h3 0-0 5. e3 d5 6. Be2 e6 7. 0-0 Nbd7 8. c4 dxc4 9. Bxc4 Nb6 10. Bb3 Nbd5 11. Bh2 b6 12. Nc3 Bb7 13. Be5 c6 14. Rc1 Rc8 15. Nh2 Re8 16. Re1 Qd7 17. Ng4 Nxg4 18. Bxg7 Kxg7 19. Qxg4 Nb4 20. Red1 Nd5 21. Nxd5 cxd5 22. h4 h5 23. Qg3 Ba6 24. Bc2 Rc7 25. Bxg6 Rxc1 26. Bxh5+ Kh6 27. Qg5+ Kh7 28. Rxc1 Rg8 29. Qf4 Rg7 30. Rc7 Qb5 31. g4 Qf1+ 32. Kh2 Bd3 33. Rxf7 Rxf7 34. Qxf7+ Kh8 35. g5 Bf5 36. Qf6+ Kg8 37. Bf7+ 1-0

[Event "Cartagena Iderbol Cup"]
[Site "Cartagena"]
[Date "2011.12.26"]
[Round "2.18"]
[White "Pulido Ardila, Lilian Vanessa"]
[Black "Jaimes Velasquez, Maria Alejandr"]
[Result "1/2-1/2"]
[WhiteElo "1727"]
[BlackElo "1381"]
[PlyCount "83"]
[EventDate "2011.12.26"]
[EventType "swiss"]
[EventRounds "7"]
[EventCountry "COL"]
[SourceTitle "EXT 2024"]
[Source "ChessBase"]
[SourceDate "2023.10.10"]
[SourceVersion "1"]
[SourceVersionDate "2023.10.10"]
[SourceQuality "1"]

1. e4 e5 2. Nf3 Nc6 3. Bb5 a6 4. Ba4 Be7 5. d3 d6 6. 0-0 b5 7. Bb3 Nf6 8. h3 h6 9. Re1 0-0 10. Nc3 Na5 11. Nd5 Nxb3 12. Nxe7+ Qxe7 13. axb3 Be6 14. Be3 Rfe8 15. Qd2 Kh7 16. Ra5 c6 17. Qb4 c5 18. Qc3 b4 19. Qd2 Rec8 20. Nh2 Qd8 21. Rea1 Rc6 22. f4 exf4 23. Bxf4 Nh5 24. Be3 Qf6 25. d4 cxd4 26. Bxd4 Qg6 27. g4 Ng3 28. Qd3 Nxe4 29. Rxa6 Rcxa6 30. Rxa6 Rxa6 31. Qxa6 d5 32. Qb5 Nd2 33. Qc5 Qe4 34. Qxb4 Qxc2 35. Qb5 Qd1+ 36. Kg2 Nxb3 37. Bc3 Qc2+ 38. Kg1 Nd2 39. Bxd2 Qxd2 40. b4 d4 41. Qc5 Qe3+ 42. Kg2 1/2-1/2